Les Nationalités représentées dans le championnat saoudien de football - Statistiques

Statistiques générales
  • Ce quiz a été pris 99 fois
  • Le résultat moyen est 33 sur 48
Statistiques - réponses
Nombre de Joueurs Fédération Nationalité % Correct
5 UEFA Français/France
100%
368 AFC Saoudien/Arabie Saoudite
100%
28 CONMEBOL Brésilien/Brésil
99%
8 UEFA Espagnol/Espagne
97%
9 CAF Marocain/Maroc
97%
8 CAF Algérien/Algérie
94%
9 UEFA Portugais/Portugal
93%
6 CAF Sénégalais/Sénégal
92%
2 UEFA Anglais/Angleterre
89%
3 CONMEBOL Argentin/Argentine
89%
4 CAF Égyptien/Égypte
87%
2 UEFA Allemand/Allemagne
86%
5 CAF Camerounais/Cameroun
85%
2 UEFA Turc/Turquie
85%
2 UEFA Belge/Belgique
84%
4 UEFA Néerlandais/Pays-Bas
84%
3 CONMEBOL Colombien/Colombie
80%
1 UEFA Norvégien/Norvège
79%
2 UEFA Suédois/Suède
79%
2 CAF Tunisien/Tunisie
79%
1 CAF Malien/Mali
75%
2 UEFA Croate/Croatie
74%
5 UEFA Serbe/Serbie
72%
4 CAF Ivoirien/Côte d'Ivoire
71%
1 CONMEBOL Uruguayen/Uruguay
71%
1 UEFA Polonais/Pologne
69%
1 CONMEBOL Chilien/Chili
68%
1 CONMEBOL Péruvien/Pérou
67%
5 UEFA Roumain/Roumanie
67%
3 AFC Sud-Coréen/Corée du Sud
67%
1 CAF Congolais/République Démocratique du Congo
64%
1 CAF Ghanéen/Ghana
64%
3 CAF Nigérian/Nigéria
63%
2 UEFA Bosnien/Bosnie-Herzégovine
61%
1 CAF Guinéen/Guinée
57%
1 CAF Gabonais/Gabon
53%
1 UEFA Écossais/Écosse
51%
1 UEFA Arménien/Arménie
46%
1 CONCACAF Costaricien/Costa-Rica
46%
1 AFC Irakien/Irak
46%
1 UEFA Géorgien/Géorgie
43%
1 CAF Zambien/Zambie
41%
1 CAF Zimbabwéen/Zimbabwe
40%
2 CAF Gambien/Gambie
39%
1 CAF Bissau-Guinéen/Guinée-Bissau
37%
1 UEFA Macédonien/Macédoine du Nord
36%
1 CAF Capverdien/Cap-Vert
30%
1 CAF Comorien/Comores
29%
Aucun quiz correspondant
Distribution des résultats
% des personnes avec chaque résultat
Percentile par nombre de réponses
Votre historique - résultats
Vous n’avez pas pris ce quiz